Migration, Regional disparitics and urbanization in India / (Record no. 436734)
[ view plain ]
| 000 -LEADER | |
|---|---|
| fixed length control field | 00866nam a2200277 a 4500 |
| 001 - CONTROL NUMBER | |
| control field | vtls001151798 |
| 003 - CONTROL NUMBER IDENTIFIER | |
| control field | NLI |
| 005 - DATE AND TIME OF LATEST TRANSACTION | |
| control field | 20210603135237.0 |
| 008 - FIXED-LENGTH DATA ELEMENTS--GENERAL INFORMATION | |
| fixed length control field | 120326s1932 ii f000 0 eng |
| 039 #9 - LEVEL OF BIBLIOGRAPHIC CONTROL AND CODING DETAIL [OBSOLETE] | |
| Level of rules in bibliographic description | 201203302108 |
| Level of effort used to assign nonsubject heading access points | VLOAD |
| -- | 201203262128 |
| -- | Datasoft |
| 040 ## - CATALOGING SOURCE | |
| Original cataloging agency | NLI |
| Language of cataloging | eng |
| Transcribing agency | Datasoft_IOD_S |
| Description conventions | AACR2 |
| 041 0# - LANGUAGE CODE | |
| Language code of text/sound track or separate title | eng |
| 044 ## - COUNTRY OF PUBLISHING/PRODUCING ENTITY CODE | |
| MARC country code | ii |
| 082 04 - DEWEY DECIMAL CLASSIFICATION NUMBER | |
| Classification number | 301.36 |
| 100 1# - MAIN ENTRY--PERSONAL NAME | |
| Personal name | Mukherji, Shekhar |
| 9 (RLIN) | 388922 |
| 245 10 - TITLE STATEMENT | |
| Title | Migration, Regional disparitics and urbanization in India / |
| Statement of responsibility, etc. | Shekhar Mukherji ; International Institute for Population Sciences |
| 260 ## - PUBLICATION, DISTRIBUTION, ETC. | |
| Place of publication, distribution, etc. | Bombay : |
| Name of publisher, distributor, etc. | The Department, |
| Date of publication, distribution, etc. | 1932 |
| 300 ## - PHYSICAL DESCRIPTION | |
| Extent | 126 p. ; |
| Dimensions | 29 cm. |
| 650 #0 - SUBJECT ADDED ENTRY--TOPICAL TERM | |
| Topical term or geographic name entry element | Urbanization |
| Geographic subdivision | India |
| 9 (RLIN) | 5743 |
| 650 #0 - SUBJECT ADDED ENTRY--TOPICAL TERM | |
| Topical term or geographic name entry element | Cities and towns |
| Geographic subdivision | India |
| General subdivision | History |
| 9 (RLIN) | 352756 |
| 887 ## - NON-MARC INFORMATION FIELD | |
| Content of non-MARC field | |
| 901 ## - LOCAL DATA ELEMENT A, LDA (RLIN) | |
| a | 134367 date |
| b | 24.08.2001 |
| 902 ## - LOCAL DATA ELEMENT B, LDB (RLIN) | |
| a | GP 301.36(54) M 896 |
| 942 ## - ADDED ENTRY ELEMENTS (KOHA) | |
| Source of classification or shelving scheme | Dewey Decimal Classification |
| Koha item type | Books |
| Withdrawn status | Lost status | Damaged status | Not for loan | Collection code | Home library | Current library | Shelving location | Date acquired | Total Checkouts | Full call number | Date last seen | Price effective from | Koha item type |
|---|---|---|---|---|---|---|---|---|---|---|---|---|---|
| Government Publications | National Library of India | National Library of India | Annexe Reading Room & Stack Division | GP 301.36(54) M 896 | 03/06/2021 | 03/06/2021 | Books |
